000 01057nam0a22002891 4500
001 rc\2778857
005 20250805160813.4
035 _a(NLR Aleph) 006905109
090 _a7288402
_c7288402
100 _a20110915d1942 |||y0rusy50 ca
101 0 _arus
102 _aRU
105 _aa z |||||
200 1 _aРабота на отражательных печах
_fпроф. В. А. Ванюков, инж. А. В. Ванюков
210 _aМосква
_cМеталлургиздат
_d1942
215 _a64 с., 1 л. черт.
_cчерт.
_d14 см.
225 1 _aВ помощь рабочим массовых профессий
320 _aБиблиогр.: "Литература" (с. 63)
700 1 _aВанюков
_bВ. А.
_f1880-1957
_gВладимир Андреевич
701 1 _aВанюков
_bА. В.
801 0 _aRU
_bNLR
_gpsbo
801 1 _aRU
_bELAR
_2rusmarc
852 _aNLR
_jТ30 Г-2/128
942 _cBOOK
945 _aРоссийская национальная библиотека
980 _aNB
980 _aBV